000 01443cam a2200373 a 4500
001 12109835
003 OSt
005 20260429164604.0
008 000412s1999 ph af bf 001 0 eng
010 _a 00280423
035 _a12109835
035 _a(DLC) 00280423
037 _bLibrary of Congress -- Jakarta Overseas Office
_cP2,300.00
040 _aDLC
_cFoundation University
042 _alcode
043 _aa-ph---
050 0 0 _aN 5284
_b.D85 1999
100 1 _aDuldulao, Manuel D.
_915728
245 1 4 _aThe art collector's guidebook /
_cManuel D. Duldulao.
250 _a1st ed.
260 _aQuezon City, Metro Manila, Philippines :
_bReyes Pub.,
_c1999.
264 _41999
300 _a316 p., [88] p. of plates :
_bill. (some col.) ;
_c24 cm.
_3books
_fbooks
336 _atext
_btxt
_2rdacontent
_3books
337 _aunmediated
_bn
_2rdamedia
_3books
338 _avolume
_bnc
_2rdacarrier
_3books
504 _aIncludes bibliographical references (p. [302]-305) and index.
650 0 _aArt
_xCollectors and collecting
_vHandbooks, manuals, etc.
_915729
650 0 _aArt
_xCollectors and collecting
_zPhilippines
_vHandbooks, manuals, etc.
_915730
906 _a7
_bcbc
_corigode
_d3
_encip
_f20
_gy-gencatlg
942 _2lcc
_cBK
_e1st ed.
_hN 5284
_i.1999 D85
_k(DAFA-FA)
999 _c5823
_d5823